Statistics for Memphis Grizzlies 2020s Top 10 Leaders

Click here to take the quiz!

General Stats

  • This quiz has been taken 14 times
  • The average score is 8 of 13

Answer Stats

Player% Correct
Ja Morant
100%
Desmond Bane
93%
Jaren Jackson Jr.
93%
Steven Adams
93%
Brandon Clarke
71%
Dillon Brooks
71%
Tyus Jones
71%
Jonas Valančiūnas
64%
Xavier Tillman Sr.
57%
John Konchar
43%
Santi Aldama
36%
Kyle Anderson
29%
De'Anthony Melton
14%

Score Distribution

Percentile by Number Answered

Percent of People with Each Score

Your Score History

You have not taken this quiz